| 000 | 01040nam a2200229Ia 4500 | ||
|---|---|---|---|
| 001 | L235-8754 | ||
| 003 | IT-CnALBA | ||
| 008 | 170116s9999||||xx |||||||||||||| ||und|| | ||
| 040 |
_aIT-CnALBA _cIT-CnALBA |
||
| 041 | _aITALIANO | ||
| 100 | _aCARRARA ATHOS | ||
| 245 | 0 | _aGEMMA GALGANI. | |
| 250 | _a1a ed. | ||
| 260 |
_aROMA _bAVE, ANONIMA VERITA'S EDITRICE _c1940 [1° Ed.:1940 - Ed.Ling.Originale: 1940] |
||
| 300 | _a108 p. (prefazione: 5) | ||
| 500 | _aPREFAZIONE DI P. BARGELLINI. RAGAZZINA DELLA GRAZIA. PASSIONISTI. FAMIGLIA GIANNINI. DIRETTORE DI SPIRITO. CARITÀ. MONASTERO. DOLORE MADRE DEGLI ORFANI. SANTA GEMMA. ESTASI. | ||
| 501 | _aSocietà San Paolo EM - Piazza San Paolo, 14 - 12051 ALBA (CN) (non commercial uses only) ® Copyright 2017 | ||
| 520 | _aPREFAZIONE DI P. BARGELLINI. RAGAZZINA DELLA GRAZIA. PASSIONISTI. FAMIGLIA GIANNINI. DIRETTORE DI SPIRITO. CARITÀ. MONASTERO. DOLORE MADRE DEGLI ORFANI. SANTA GEMMA. ESTASI. | ||
| 650 | _aMARIA SS. ANGELI SANTI DEMONI | ||
| 942 | _cBK | ||
| 957 | _71 | ||
| 999 |
_a9730 _bSI _g Copie: 1 _c267930 _d267930 |
||